Name a Country Where These Mammals Are Found #5 - Statistics

General Stats
  • This quiz has been taken 18 times
    15 since last reset
  • The average score is 81 of 160
Answer Stats
Picture Hint Answer % Correct
Silvery Marmoset Brazil
89%
Emperor Tamarin Brazil | Peru | Bolivia
89%
Bornean Orangutan Indonesia | Malaysia
89%
Andean Saddle-Back Tamarin Peru
89%
Common Marmoset Brazil
78%
Spix's Night Monkey Colombia | Brazil | Peru | Ecuador
78%
Western Gorilla Gabon | Republic of the Congo | Cameroon | Central African Republic | Democratic Republic of the Congo | Angola | Equatorial Guinea | Nigeria
78%
Moor Macaque Indonesia
78%
East Javan Langur Indonesia
78%
Proboscis Monkey Indonesia | Malaysia | Brunei
78%
Laotian Langur Laos
78%
Barbary Macaque Morocco | Algeria | United Kingdom (Gibraltar)
78%
Goeldi's Marmoset Peru | Brazil | Ecuador | Colombia
78%
Bolivian Red Howler Bolivia | Brazil
67%
White-Headed Marmoset Brazil
67%
Collins' Squirrel Monkey Brazil
67%
Black Capuchin Brazil | Argentina | Paraguay
67%
Moustached Tamarin Brazil | Peru | Bolivia
67%
Bonobo Democratic Republic of the Congo
67%
Eastern Gorilla Democratic Republic of the Congo | Uganda | Rwanda
67%
Mandrill Gabon | Cameroon | Republic of the Congo | Equatorial Guinea
67%
Guinea Baboon Guinea | Guinea-Bissau | Senegal | Gambia | Mali | Mauritania | Sierra Leone
67%
Nilgiri Langur India
67%
Capped Langur India | Myanmar | Bhutan | Bangladesh
67%
Heck's Macaque Indonesia
67%
Celebes Crested Macaque Indonesia
67%
Sumatran Orangutan Indonesia
67%
Tapanuli Orangutan Indonesia
67%
Silvery Lutung Indonesia | Malaysia | Brunei
67%
Crab-Eating Macaque Indonesia | Malaysia | Brunei | Thailand | Myanmar | Laos | Cambodia | Vietnam | Philippines | East Timor | Singapore
67%
Siamang Indonesia | Malaysia | Thailand
67%
Japanese Macaque Japan
67%
Myanmar Snub-Nosed Monkey Myanmar
67%
Nepal Gray Langur Nepal | India | Bhutan | China | Pakistan | Afghanistan
67%
Peruvian Spider Monkey Peru | Bolivia | Brazil | Colombia
67%
White-Bellied Spider Monkey Peru | Ecuador | Colombia | Venezuela | Brazil
67%
Indochinese Grey Langur Thailand | China | Laos | Vietnam | Myanmar
67%
Angola Colobus Angola | Democratic Republic of the Congo | Uganda | Tanzania | Malawi | Zambia | Republic of the Congo | Rwanda | Burundi | Kenya
56%
Eastern Pygmy Marmoset Bolivia | Brazil | Ecuador | Peru
56%
Bare-Eared Squirrel Monkey Brazil
56%
Brown Howler Brazil | Argentina
56%
Rio Tapajós Saki Brazil | Peru | Bolivia
56%
Pileated Gibbon Cambodia | Thailand | Laos
56%
Olive Baboon Central African Republic | Democratic Republic of the Congo | Uganda | Burundi | Rwanda | Kenya | Ethiopia | Tanzania | Republic of the Congo | Chad | Niger | Nigeria | Cameroon | Benin | Togo | Ghana | Burkina Faso | Ivory Coast | Guinea | Sierra Leone | Mali | Mauritania | Eritrea | Somalia | South Sudan | Sudan
56%
Gray Snub-Nosed Monkey China
56%
Tibetan Macaque China
56%
Stump-Tailed Macaque China | India | Myanmar | Bangladesh | Thailand | Laos | Cambodia | Vietnam
56%
Assam Macaque China | Nepal | Bhutan | India | Myanmar | Thailand | Laos | Vietnam | Bangladesh
56%
Hamadryas Baboon Ethiopia | Eritrea | Djibouti | Somalia | Yemen | Saudi Arabia
56%
Blue Nile Patas Monkey Ethiopia | Sudan
56%
Chimpanzee Guinea | Sierra Leone | Liberia | Ivory Coast | Ghana | Mali | Senegal | Nigeria | Cameroon | Equatorial Guinea | Gabon | Republic of the Congo | Central African Republic | Democratic Republic of the Congo | Burundi | South Sudan | Uganda | Tanzania
56%
Northern Plains Gray Langur India | Bangladesh
56%
Tufted Gray Langur India | Sri Lanka
56%
Bornean White-Bearded Gibbon Indonesia
56%
Raffles' Banded Langur Malaysia | Singapore
56%
Geoffroy's Spider Monkey Mexico | Guatemala | El Salvador | Belize | Honduras | Nicaragua | Panama | Costa Rica
56%
Chacma Baboon South Africa | Namibia | Botswana | Zimbabwe | Lesotho | Eswatini | Mozambique | Angola | Zambia
56%
Formosan Rock Macaque Taiwan | Japan
56%
Zanzibar Red Colobus Tanzania
56%
Vervet Monkey Tanzania | Mozambique | South Africa | Lesotho | Eswatini | Namibia | Zambia | Zimbabwe | Botswana | Somalia | Ethiopia | Uganda | Kenya | Malawi | Democratic Republic of the Congo | South Sudan | Burundi | Rwanda
56%
Ursine Howler Venezuela | Colombia
56%
Black-Shanked Douc Vietnam | Cambodia
56%
Angolan Talapoin Angola | Democratic Republic of the Congo
44%
Yellow Baboon Angola | Democratic Republic of the Congo | Malawi | Zambia | Mozambique | Tanzania | Somalia | Ethiopia | Kenya
44%
Gee's Golden Langur Bhutan | India
44%
Black-Tailed Marmoset Bolivia | Paraguay | Brazil
44%
Black Lion Tamarin Brazil
44%
Blond Capuchin Brazil
44%
Black-Tufted Marmoset Brazil
44%
Red-Headed Titi Monkey Brazil
44%
Prince Bernhard's Titi Monkey Brazil
44%
Buffy-Headed Marmoset Brazil
44%
Buffy-Tufted Marmoset Brazil
44%
White-Footed Saki Brazil
44%
Ashy Black Titi Monkey Brazil
44%
White-Cheeked Spider Monkey Brazil
44%
Pied Tamarin Brazil
44%
Superagüi Lion Tamarin Brazil
44%
Crested Capuchin Brazil
44%
Golden-Headed Lion Tamarin Brazil
44%
White-Nosed Saki Brazil
44%
Southern Muriqui Brazil
44%
Golden-Bellied Capuchin Brazil
44%
Golden Lion Tamarin Brazil
44%
Black Bearded Saki Brazil
44%
Black-Striped Capuchin Brazil | Bolivia
44%
Black Howler Brazil | Bolivia | Paraguay | Argentina | Uruguay
44%
Azara's Night Monkey Brazil | Bolivia | Paraguay | Peru | Argentina
44%
Red-Faced Spider Monkey Brazil | Suriname | Guyana | Venezuela | France (French Guiana)
44%
Wedge-Capped Capuchin Brazil | Venezuela | Guyana | Suriname | France (French Guiana)
44%
Tufted Capuchin Brazil | Venezuela | Guyana | Suriname | France (French Guiana)
44%
White-Faced Saki Brazil | Venezuela | Suriname | Guyana | France (French Guiana)
44%
Tantalus Monkey Central African Republic | Democratic Republic of the Congo | South Sudan | Sudan | Uganda | Cameroon | Nigeria | Benin | Togo | Ghana | Mali | Niger | Burkina Faso | Chad | Kenya
44%
Common Patas Monkey Central African Republic | Democratic Republic of the Congo | South Sudan | Sudan | Uganda | Kenya | Tanzania | Ethiopia | Chad | Niger | Nigeria | Cameroon | Benin | Togo | Ghana | Mali | Mauritania | Burkina Faso | Ivory Coast | Sierra Leone | Senegal | Gambia | Guinea | Guinea-Bissau
44%
Mantled Guereza Central African Republic | South Sudan | Democratic Republic of the Congo | Ethiopia | Eritrea | Republic of the Congo | Uganda | Kenya | Rwanda | Tanzania | Chad | Nigeria | Gabon | Cameroon
44%
Black-and-White Snub-Nosed Monkey China
44%
Golden Snub-Nosed Monkey China
44%
Cat Ba Langur China | Vietnam
44%
Caquetá Titi Monkey Colombia
44%
Cotton-Top Tamarin Colombia
44%
White-Footed Tamarin Colombia
44%
Common Woolly Monkey Colombia | Brazil | Ecuador | Peru | Venezuela
44%
Black-Headed Spider Monkey Colombia | Ecuador
44%
Mantled Howler Colombia | Ecuador | Panama | Costa Rica | Nicaragua | Honduras | Guatemala | Mexico
44%
Miller's Saki Colombia | Ecuador | Peru
44%
Lucifer Titi Monkey Colombia | Peru | Brazil | Ecuador
44%
Brown Spider Monkey Colombia | Venezuela
44%
Humboldt's Squirrel Monkey Colombia | Venezuela | Brazil
44%
Central American Squirrel Monkey Costa Rica | Panama
44%
Gelada Ethiopia
44%
Grivet Ethiopia | Eritrea | Djibouti | Sudan | South Sudan | Somalia
44%
Gabon Talapoin Gabon | Equatorial Guinea | Cameroon | Republic of the Congo | Angola
44%
Lion-Tailed Macaque India
44%
Bonnet Macaque India
44%
Rhesus Macaque India | China | Pakistan | Afghanistan | Bangladesh | Nepal | Bhutan | Myanmar | Thailand | Laos | Vietnam
44%
Booted Macaque Indonesia
44%
Pagai Island Macaque Indonesia
44%
Natuna Island Surili Indonesia
44%
Siberut Macaque Indonesia
44%
Silvery Gibbon Indonesia
44%
Thomas's Langur Indonesia
44%
Agile Gibbon Indonesia | Malaysia | Thailand
44%
White-Thighed Surili Malaysia | Indonesia | Thailand
44%
Phayre's Leaf Monkey Myanmar | India | Bangladesh | China | Thailand
44%
Tarai Gray Langur Nepal | India | Bhutan
44%
Geoffroy's Tamarin Panama | Colombia
44%
Burnished Saki Peru | Brazil
44%
Black-Capped Squirrel Monkey Peru | Brazil | Bolivia
44%
Nancy Ma's Night Monkey Peru | Brazil | Colombia
44%
Bald Uakari Peru | Brazil | Colombia
44%
Red-Mantled Saddle-Back Tamarin Peru | Ecuador
44%
Monk Saki Peru | Ecuador | Brazil | Colombia
44%
Southern Patas Monkey Tanzania
44%
Northern Pig-Tailed Macaque Thailand | Bangladesh | India | Myanmar | Cambodia | Laos | Vietnam | China
44%
Lar Gibbon Thailand | Myanmar | China | Laos | Malaysia | Indonesia | Singapore
44%
Tonkin Snub-Nosed Monkey Vietnam
44%
Hatinh Langur Vietnam | Laos
44%
Malbrouck Angola | Democratic Republic of the Congo | Republic of the Congo | Gabon | Namibia | Zambia | Botswana
33%
Germain's Langur Cambodia | Vietnam | Thailand | Laos | Myanmar
33%
Drill Cameroon | Nigeria
33%
François' Langur China | Vietnam
33%
Brumback's Night Monkey Colombia | Venezuela
33%
Grey-Cheeked Mangabey Democratic Republic of the Congo | Gabon | Equatorial Guinea | Republic of the Congo | Uganda | Cameroon | Rwanda | Burundi
33%
Kinda Baboon Democratic Republic of the Congo | Republic of the Congo | Angola | Tanzania | Zambia
33%
Bale Mountains Vervet Ethiopia
33%
Miltered Langur Indonesia
33%
Tonkean Macaque Indonesia
33%
Maroon Leaf Monkey Indonesia | Malaysia | Brunei
33%
Western Red Colobus Ivory Coast | Liberia | Sierra Leone | Guinea | Guinea-Bissau | Senegal | Gambia
33%
Red-Shanked Douc Laos | Vietnam | Cambodia
33%
King Colobus Liberia | Sierra Leone | Guinea | Guinea-Bissau | Ivory Coast | Senegal
33%
Dusky Leaf Monkey Malaysia | Thailand | Myanmar | Singapore
33%
Green Monkey Mali | Mauritania | Senegal | Gambia | Guinea | Guinea-Bissau | Burkina Faso | Ghana | Ivory Coast | Sierra Leone | Liberia
33%
Delacour's Langur Vietnam
33%
Gray-Shanked Douc Vietnam
33%
Annamese Langur Vietnam | Laos | Cambodia
33%
Black Crested Mangabey Democratic Republic of the Congo | Republic of the Congo | Angola
22%
Purple-Faced Langur Sri Lanka
22%
Toque Macaque Sri Lanka
22%
Kipunji Tanzania
22%
No matching quizzes found
Score Distribution
Percent of People with Each Score
Percentile by Number Answered
Your Score History
You have not taken this quiz since the last reset